[Event "XXXIX C.to Italiano a squadre Master"]
[Site "Palermo ITA"]
[Date "2007.04.20"]
[Round "2"]
[White "Vitri, Sergio"]
[Black "Ferro, Mario"]
[Result "0-1"]
[WhiteElo "2132"]
[BlackElo "2235"]
[PlyCount "108"]
[EventDate "2007.04.20"]

1. d4 Nf6 2. Nf3 e6 3. Bg5 c5 4. c3 d5 5. e3 Nc6 6. Bd3 Bd6 7. O-O h6 8. Bh4
Qe7 9. Nbd2 g5 10. Bg3 Bxg3 11. hxg3 Bd7 12. c4 O-O-O 13. Rc1 dxc4 14. Rxc4 g4
15. Ne5 cxd4 16. exd4 Kb8 17. Qe2 h5 18. Ne4 Nd5 19. Nc5 Be8 20. Rfc1 Na5 21.
Ng6 fxg6 22. Qe5+ Ka8 23. Qxh8 Nxc4 24. Bxc4 Bb5 25. Qe5 Bxc4 26. Rxc4 Nb6 27.
Nxe6 Qd6 28. Rc5 Qxe5 29. Rxe5 Rg8 30. f3 gxf3 31. gxf3 Nc4 32. Re2 Kb8 33. b3
Nd6 34. Kf2 Kc8 35. a4 Kd7 36. Re5 b6 37. Ke3 Nf5+ 38. Kf4 Re8 39. g4 hxg4 40.
fxg4 Nd6 41. d5 Nf7 42. Re3 a5 43. Rh3 Kd6 44. Rh7 Ne5 45. Rb7 Nd7 46. Kg5 Re7
47. Nf4 Rf7 48. Ra7 Kc5 49. Nxg6 Kxd5 50. Nf8 Rxf8 51. Rxd7+ Kc5 52. Rc7+ Kd6
53. Rg7 Rf3 54. Rg6+ Kc5 0-1

[Event "XXXIX C.to Italiano a squadre Master"]
[Site "Palermo ITA"]
[Date "2007.04.21"]
[Round "3"]
[White "Bianchini, Luigi"]
[Black "Vitri, Sergio"]
[Result "0-1"]
[WhiteElo "1539"]
[BlackElo "2132"]
[PlyCount "56"]
[EventDate "2007.04.20"]

1. d4 Nf6 2. Nf3 c5 3. c4 cxd4 4. Qxd4 Nc6 5. Qd3 e5 6. Qb3 Bc5 7. Bg5 Bxf2+ 8.
Kd1 h6 9. Bxf6 Qxf6 10. e3 Bh4 11. Be2 Qe7 12. Nxh4 Qxh4 13. g3 Qe7 14. Nd2 O-O
15. a3 d6 16. Rf1 Be6 17. Rc1 Rac8 18. Qc3 Rfd8 19. Rc2 d5 20. c5 d4 21. Qd3
dxe3 22. Qxe3 Nd4 23. Rc3 Rxc5 24. Rxc5 Qxc5 25. Qd3 Rc8 26. Ke1 Nc2+ 27. Kd1
Ne3+ 28. Ke1 Ng2+ 0-1

[Event "XXXIX C.to Italiano a squadre Master"]
[Site "Palermo ITA"]
[Date "2007.04.21"]
[Round "3"]
[White "Brunello, Sabino"]
[Black "Godena, Michele"]
[Result "1/2-1/2"]
[WhiteElo "2454"]
[BlackElo "2558"]
[PlyCount "38"]
[EventDate "2007.04.20"]

1. e4 e5 2. Nf3 Nc6 3. d4 exd4 4. Nxd4 Bc5 5. Be3 Qf6 6. c3 Nge7 7. g3 d5 8.
Bg2 dxe4 9. Nd2 Bb6 10. Nxe4 Qg6 11. O-O O-O 12. Nxc6 Nxc6 13. Bxb6 axb6 14.
Qd2 Qf5 15. Rfe1 Be6 16. Ng5 Rad8 17. Qe3 Bd5 18. Rad1 Bxg2 19. Kxg2 h6 1/2-1/2

[Event "XXXIX C.to Italiano a squadre Master"]
[Site "Palermo ITA"]
[Date "2007.04.21"]
[Round "3"]
[White "Caposciutti, Maurizio"]
[Black "Borgo, Giulio"]
[Result "0-1"]
[WhiteElo "2301"]
[BlackElo "2418"]
[PlyCount "98"]
[EventDate "2007.04.20"]

1. Nf3 c5 2. c4 Nc6 3. d4 cxd4 4. Nxd4 g6 5. e4 Nf6 6. Nc3 Nxd4 7. Qxd4 d6 8.
Bg5 Bg7 9. Be2 O-O 10. Qd2 Bd7 11. O-O Bc6 12. Bd3 a5 13. Rfe1 a4 14. Rab1 Qa5
15. Nd5 Bxd5 16. exd5 Qxd2 17. Bxd2 Rfe8 18. Bf1 Kf8 19. h3 Nd7 20. Be3 Rec8
21. b4 axb3 22. axb3 Bc3 23. Rec1 Bb4 24. Ra1 Bc5 25. Bxc5 Nxc5 26. b4 Rxa1 27.
Rxa1 Nd7 28. Ra7 Rc7 29. Be2 Nb6 30. Kf1 Ke8 31. Bd3 Kd8 32. Ke2 Kc8 33. Ke3
Kb8 34. Ra2 Nxc4+ 35. Kd4 Nb6 36. f4 Kc8 37. Ra1 Kd8 38. g4 e6 39. dxe6 fxe6
40. Re1 Ke7 41. h4 Rc8 42. h5 Rf8 43. Rf1 Nd5 44. hxg6 hxg6 45. f5 gxf5 46.
gxf5 Nxb4 47. Rb1 e5+ 48. Ke4 Nxd3 49. Rxb7+ Kf6 0-1

[Event "XXXIX C.to Italiano a squadre Master"]
[Site "Palermo ITA"]
[Date "2007.04.21"]
[Round "3"]
[White "Castaldo, Folco"]
[Black "Barlocco, Carlo"]
[Result "1-0"]
[WhiteElo "2330"]
[BlackElo "2119"]
[PlyCount "107"]
[EventDate "2007.04.20"]

1. e4 Nc6 2. Nf3 Nf6 3. e5 Nd5 4. d4 d6 5. c4 Nb6 6. e6 fxe6 7. Nc3 g6 8. Be3
Bg7 9. h4 O-O 10. h5 gxh5 11. Rxh5 Qe8 12. Rh2 e5 13. d5 Nd4 14. Nxd4 exd4 15.
Bxd4 e5 16. Be3 Bf5 17. Be2 c6 18. Qd2 cxd5 19. Nxd5 Nxd5 20. Qxd5+ Qe6 21.
Qxe6+ Bxe6 22. Rd1 Rfd8 23. Bd3 d5 24. cxd5 Bxd5 25. Bxh7+ Kf7 26. Bg5 Bf6 27.
Bxf6 Kxf6 28. Bb1 Bc6 29. Rh6+ Ke7 30. Rxd8 Rxd8 31. f3 Rd4 32. Bc2 Rb4 33. b3
a5 34. Kd2 Rd4+ 35. Ke3 a4 36. bxa4 Bxa4 37. Bf5 Rd6 38. Rxd6 Kxd6 39. g4 b6
40. g5 Ke7 41. f4 exf4+ 42. Kxf4 Bb5 43. Ke5 Bc4 44. a3 Kf7 45. Bc2 Be2 46. Bf5
Ke7 47. g6 Bc4 48. Be4 Kd7 49. Bd5 Bd3 50. g7 Bh7 51. g8=Q Bxg8 52. Bxg8 Kc6
53. Kd4 Kb5 54. Bb3 1-0

[Event "XXXIX C.to Italiano a squadre Master"]
[Site "Palermo ITA"]
[Date "2007.04.21"]
[Round "3"]
[White "De Val, Daniele"]
[Black "Colangeli, Roberto"]
[Result "1-0"]
[WhiteElo "2182"]
[BlackElo "1563"]
[PlyCount "53"]
[EventDate "2007.04.20"]

1. d4 Nf6 2. c4 d5 3. cxd5 Nxd5 4. Nf3 e6 5. e4 Nf6 6. Bd3 Be7 7. Nc3 b6 8. O-O
O-O 9. Qe2 Bb7 10. e5 Ne8 11. Ne4 h6 12. Rd1 f5 13. exf6 Bxf6 14. Nc3 Qe7 15.
Bc4 Kh8 16. Bxe6 Bxf3 17. Qxf3 c6 18. Qh3 Bg5 19. d5 Qf6 20. Ne4 Qe5 21. Nxg5
Qe2 22. Be3 Nf6 23. Nf7+ Rxf7 24. Bxf7 Qxb2 25. Bd4 Qb4 26. Bxf6 Nd7 27. Qxh6#
1-0

[Event "XXXIX C.to Italiano a squadre Master"]
[Site "Palermo ITA"]
[Date "2007.04.21"]
[Round "3"]
[White "Ferro, Mario"]
[Black "Tomba, Ivan"]
[Result "1-0"]
[WhiteElo "2235"]
[BlackElo "2244"]
[PlyCount "69"]
[EventDate "2007.04.20"]

1. d4 d5 2. Nf3 c6 3. Nc3 Nf6 4. g3 h6 5. Qd3 g6 6. Bg2 Bf5 7. Qd1 Bg7 8. O-O
O-O 9. Nh4 Be6 10. f4 Bf5 11. Nxf5 gxf5 12. h3 e6 13. e3 Ne4 14. Nxe4 fxe4 15.
f5 Qg5 16. Kh2 Nd7 17. h4 Qe7 18. c4 Kh7 19. Bd2 Rg8 20. Bh3 Bf6 21. fxe6 fxe6
22. Qh5 Rg6 23. cxd5 cxd5 24. Rac1 Rag8 25. Be1 Qd6 26. Rf4 Bd8 27. Qe2 Nf6 28.
Qb5 Nh5 29. Bb4 Qb8 30. Bxe6 Nxf4 31. Bxg8+ Rxg8 32. gxf4 Bxh4 33. Qd7+ Rg7 34.
Qf5+ Rg6 35. Rc8 1-0

[Event "XXXIX C.to Italiano a squadre Master"]
[Site "Palermo ITA"]
[Date "2007.04.21"]
[Round "3"]
[White "Genovese, Maurizio"]
[Black "Arlandi, Ennio"]
[Result "1/2-1/2"]
[WhiteElo "2251"]
[BlackElo "2438"]
[PlyCount "103"]
[EventDate "2007.04.20"]

1. d4 Nf6 2. c4 g6 3. Nc3 d5 4. cxd5 Nxd5 5. Na4 Bg7 6. e4 Nb6 7. Nf3 Bg4 8.
Be3 Bxf3 9. gxf3 Nxa4 10. Qxa4+ c6 11. Rd1 O-O 12. Be2 Nd7 13. O-O e6 14. Qb3
Qb6 15. Qa3 Qc7 16. Rc1 Nf6 17. Rfd1 Rfd8 18. b4 a6 19. Qb3 Qe7 20. a4 Nh5 21.
b5 axb5 22. axb5 e5 23. d5 cxd5 24. Rxd5 Rxd5 25. Qxd5 Nf4 26. Bxf4 exf4 27. b6
Be5 28. Rd1 Ra1 29. Rxa1 Bxa1 30. Bc4 Be5 31. Kf1 Kg7 32. Bb5 Bd6 33. Qb3 Bc5
34. Bc4 Qf6 35. Bd5 Qd4 36. Qa2 Bxb6 37. Bxb7 f6 38. Kg2 Kh6 39. Ba8 Bc5 40. h3
Bb6 41. Bb7 Qc5 42. Bd5 Qc3 43. Qe2 Kg5 44. Be6 Kh4 45. Qa2 Qd4 46. Bc8 Qc5 47.
Bd7 Qd4 48. Bc8 Bc7 49. Be6 Be5 50. Bc8 Bc7 51. Be6 Bb6 52. Bc8 1/2-1/2

[Event "XXXIX C.to Italiano a squadre Master"]
[Site "Palermo ITA"]
[Date "2007.04.21"]
[Round "3"]
[White "Lostuzzi, Manlio"]
[Black "Spada, Angelo"]
[Result "0-1"]
[WhiteElo "2406"]
[BlackElo "2100"]
[PlyCount "46"]
[EventDate "2007.04.20"]

1. d4 e6 2. c4 f5 3. g3 Nf6 4. Bg2 d5 5. Nf3 c6 6. O-O Bd6 7. b3 Qe7 8. Bf4
Bxf4 9. gxf4 Nbd7 10. Nbd2 O-O 11. Qc2 Ne4 12. e3 Rf6 13. Ne5 Rh6 14. h3 Nxe5
15. dxe5 Bd7 16. f3 Ng3 17. Rfe1 g5 18. fxg5 Qxg5 19. f4 Qg7 20. Nf1 Kh8 21.
Kh2 Rg8 22. Qf2 Ne4 23. Bxe4 Rxh3+ 0-1

[Event "XXXIX C.to Italiano a squadre Master"]
[Site "Palermo ITA"]
[Date "2007.04.21"]
[Round "3"]
[White "Mariano, Elia"]
[Black "Burlando, Alessandro"]
[Result "0-1"]
[WhiteElo "2192"]
[BlackElo "2115"]
[PlyCount "52"]
[EventDate "2007.04.20"]

1. d4 Nf6 2. c4 g6 3. Nc3 Bg7 4. e4 d6 5. Nf3 O-O 6. Be2 e5 7. d5 a5 8. Bg5 h6
9. Bh4 Na6 10. Nd2 Qe8 11. O-O Nh7 12. a3 Bd7 13. b3 h5 14. f3 Bh6 15. Bf2 Qe7
16. Qc2 Qg5 17. Rfd1 h4 18. Rab1 Nf6 19. Kh1 Nh5 20. Bf1 Kg7 21. b4 axb4 22.
axb4 Ng3+ 23. Kg1 Rh8 24. c5 dxc5 25. bxc5 Nxc5 26. Bxc5 Qe3+ 0-1

[Event "XXXIX C.to Italiano a squadre Master"]
[Site "Palermo ITA"]
[Date "2007.04.21"]
[Round "3"]
[White "Mazzilli, Piero"]
[Black "Scalcione, Michelangelo"]
[Result "1-0"]
[WhiteElo "2294"]
[BlackElo "2276"]
[PlyCount "61"]
[EventDate "2007.04.20"]

1. d4 d6 2. e4 Nf6 3. Bd3 e5 4. c3 d5 5. dxe5 Nxe4 6. Ne2 Qh4 7. O-O Bc5 8.
Bxe4 dxe4 9. Ng3 Nc6 10. Qa4 O-O 11. Nxe4 b5 12. Qxb5 Qxe4 13. Qxc5 Nxe5 14.
Nd2 Qf5 15. Qd5 Rb8 16. f4 Rb5 17. Qe4 Nd3 18. Qxf5 Bxf5 19. b3 Re8 20. Nf3 c5
21. c4 Rb6 22. Ne5 f6 23. Nxd3 Bxd3 24. Rd1 Be2 25. Re1 Re4 26. Ba3 Rbe6 27.
Bxc5 Rxf4 28. Bxa7 h5 29. c5 Rfe4 30. Rec1 Ra6 31. c6 1-0

[Event "XXXIX C.to Italiano a squadre Master"]
[Site "Palermo ITA"]
[Date "2007.04.21"]
[Round "3"]
[White "Ortega, Lexy"]
[Black "Mogranzini, Roberto"]
[Result "1-0"]
[WhiteElo "2425"]
[BlackElo "2421"]
[PlyCount "81"]
[EventDate "2007.04.20"]

1. d4 Nf6 2. Nf3 g6 3. Nc3 c5 4. d5 d6 5. e4 Bg7 6. Bb5+ Nbd7 7. a4 O-O 8. O-O
a6 9. Be2 Ne8 10. Bf4 Ne5 11. Nxe5 dxe5 12. Be3 Qa5 13. Nb1 Nd6 14. Nd2 Qc7 15.
a5 Bd7 16. c4 e6 17. Qc2 Rfc8 18. Rfc1 Bf8 19. Qc3 exd5 20. cxd5 Bb5 21. Bxb5
Nxb5 22. Qd3 b6 23. Nc4 bxa5 24. Nxa5 Qd8 25. Nc4 Qf6 26. Ra4 Nd4 27. h3 Rcb8
28. Rca1 Rb3 29. Qd1 Rb5 30. R1a3 Qh4 31. Qg4 Qf6 32. Bg5 Qh8 33. Rxa6 Rxa6 34.
Rxa6 f5 35. exf5 gxf5 36. Qh5 Qg7 37. Rf6 Qb7 38. d6 e4 39. Ne5 Rxb2 40. Rxf8+
Kxf8 41. Bh6+ 1-0

[Event "XXXIX C.to Italiano a squadre Master"]
[Site "Palermo ITA"]
[Date "2007.04.21"]
[Round "3"]
[White "Pace, Roberto"]
[Black "Saccona, Silvano"]
[Result "0-1"]
[WhiteElo "2054"]
[BlackElo "2159"]
[PlyCount "106"]
[EventDate "2007.04.20"]

1. e4 c5 2. Nf3 Nc6 3. Bc4 e6 4. O-O d6 5. Re1 Qc7 6. Nc3 a6 7. a4 Be7 8. b3
Nf6 9. Bb2 O-O 10. Rc1 e5 11. h3 Nd8 12. d3 Ne6 13. Nd5 Nxd5 14. Bxd5 Nf4 15.
c4 Kh8 16. Bc3 a5 17. Re3 f5 18. exf5 Nxd5 19. cxd5 Bxf5 20. Qe2 Rae8 21. Bd2
Qd8 22. Rc4 Bg6 23. Nh2 Bf7 24. Rg3 Bxd5 25. Rcg4 Rf7 26. Qd1 b6 27. Nf3 Bf6
28. Ng5 Bxg5 29. Rxg5 Qf6 30. Be3 Qe6 31. Qh5 Bxb3 32. Rg6 Qd7 33. R6g4 Be6 34.
Rh4 Bf5 35. Rf3 Qe6 36. Bd2 Bg6 37. Qg5 Rxf3 38. gxf3 Qf5 39. Qg3 Qxd3 40. Kg2
Re6 41. Be3 d5 42. Qg5 d4 43. Bc1 Re8 44. Rg4 Qf5 45. Qh4 Qf6 46. Bg5 Qc6 47.
Qg3 Qxa4 48. h4 h5 49. Re4 Bxe4 50. fxe4 Qc6 51. Qf3 Qg6 52. Qd3 Qe6 53. f3 c4
0-1

[Event "XXXIX C.to Italiano a squadre Master"]
[Site "Palermo ITA"]
[Date "2007.04.21"]
[Round "3"]
[White "Ramondino, Renzo"]
[Black "D'Amore, Carlo"]
[Result "0-1"]
[WhiteElo "2289"]
[BlackElo "2476"]
[PlyCount "66"]
[EventDate "2007.04.20"]

1. e4 e5 2. Nf3 Nc6 3. Bb5 Nge7 4. O-O g6 5. c3 Bg7 6. d4 exd4 7. cxd4 a6 8.
Ba4 b5 9. Bb3 d6 10. h3 O-O 11. Bg5 h6 12. Be3 Kh7 13. Nc3 Na5 14. Bc2 Nc4 15.
Bc1 Bb7 16. Re1 c5 17. a4 cxd4 18. Nxd4 Qb6 19. Nf3 b4 20. a5 Qc7 21. Na4 Rad8
22. Bd3 d5 23. Qb3 Nc6 24. Bxc4 Nxa5 25. Qxb4 Nxc4 26. exd5 Bxd5 27. Nd2 Ne5
28. Nc5 Rfe8 29. Nxa6 Qc6 30. Qc5 Nd3 31. Rxe8 Rxe8 32. Qxc6 Re1+ 33. Nf1 Bxc6
0-1

[Event "XXXIX C.to Italiano a squadre Master"]
[Site "Palermo ITA"]
[Date "2007.04.21"]
[Round "3"]
[White "Ronchetti, Niccolo'"]
[Black "Bentivegna, Francesco"]
[Result "1/2-1/2"]
[WhiteElo "2410"]
[BlackElo "2287"]
[PlyCount "28"]
[EventDate "2007.04.20"]

1. e4 e5 2. Nf3 Nc6 3. Bb5 a6 4. Ba4 Nf6 5. O-O Nxe4 6. d4 b5 7. Bb3 d5 8. dxe5
Be6 9. Nbd2 Be7 10. c3 O-O 11. Bc2 f5 12. exf6 Nxf6 13. Ng5 Bg4 14. f3 Bc8
1/2-1/2

[Event "XXXIX C.to Italiano a squadre Master"]
[Site "Palermo ITA"]
[Date "2007.04.21"]
[Round "3"]
[White "Sgnaolin, Davide"]
[Black "Ranieri, Fabrizio"]
[Result "1-0"]
[WhiteElo "2189"]
[BlackElo "2243"]
[PlyCount "115"]
[EventDate "2007.04.20"]

1. e4 e6 2. d4 d5 3. Nd2 Nf6 4. e5 Nfd7 5. Ngf3 c5 6. c3 Nc6 7. Bd3 Qb6 8. O-O
Be7 9. Re1 g5 10. Nf1 h6 11. dxc5 Bxc5 12. Be3 Qxb2 13. Rb1 Qa3 14. Rb3 Qxa2
15. Re2 Qa4 16. Qb1 Na5 17. Rb5 a6 18. Rxc5 Nxc5 19. Bxc5 Nc4 20. Ra2 Qc6 21.
Bb4 Bd7 22. Nd4 Qc7 23. Bxc4 Qxc4 24. Ne3 Qc7 25. Ng4 b6 26. Nf6+ Kd8 27. Bd6
Qb7 28. Qb4 Be8 29. Rb2 b5 30. Bf8 Qc7 31. Rb1 a5 32. Qa3 b4 33. Bxb4 Rb8 34.
Be7+ Kc8 35. Rxb8+ Qxb8 36. g3 a4 37. Qc5+ Qc7 38. Qb4 Qb8 39. Qc5+ Qc7 40. Qb4
Qb8 41. Qa3 h5 42. Bd6 Qb1+ 43. Kg2 h4 44. Qc5+ Kb7 45. Qc7+ Ka6 46. h3 hxg3
47. Bc5 Qb7 48. Qd6+ Bc6 49. Nxc6 Kb5 50. Na5 Qa6 51. Bb4 Qxd6 52. exd6 d4 53.
d7 Rd8 54. c4+ Kb6 55. fxg3 Kc7 56. Be7 Rxd7 57. Nxd7 Kxd7 58. Bxg5 1-0

[Event "XXXIX C.to Italiano a squadre Master"]
[Site "Palermo ITA"]
[Date "2007.04.21"]
[Round "3"]
[White "Silvetti, Antonio"]
[Black "Mocchi, Tullio"]
[Result "0-1"]
[WhiteElo "2077"]
[BlackElo "2231"]
[PlyCount "54"]
[EventDate "2007.04.20"]

1. d4 Nf6 2. c4 e6 3. a3 c5 4. d5 b5 5. dxe6 fxe6 6. cxb5 d5 7. Nf3 Bd6 8. Bg5
Nbd7 9. e3 Qc7 10. Be2 Bb7 11. Nc3 O-O 12. Qc2 Kh8 13. O-O-O e5 14. Bxf6 Nxf6
15. Ng5 d4 16. Ne6 Qe7 17. Nxf8 dxc3 18. Ng6+ hxg6 19. Qxg6 cxb2+ 20. Kxb2 c4
21. Bxc4 Bxa3+ 22. Ka2 Qb4 23. Bb3 Qa5 24. f3 Bb4+ 25. Kb1 Bc3 26. Rd7 Qa1+ 27.
Kc2 Qb2+ 0-1

[Event "XXXIX C.to Italiano a squadre Master"]
[Site "Palermo ITA"]
[Date "2007.04.21"]
[Round "3"]
[White "Vancini, Edoardo"]
[Black "Napoli, Nicolo'"]
[Result "0-1"]
[WhiteElo "2308"]
[BlackElo "2266"]
[PlyCount "80"]
[EventDate "2007.04.20"]

1. e4 g6 2. d4 Bg7 3. Nf3 c6 4. c3 d5 5. e5 f6 6. Bd3 Bg4 7. Bf4 Qb6 8. Qc2
Bxf3 9. gxf3 fxe5 10. dxe5 c5 11. Rg1 Bh6 12. Bxh6 Nxh6 13. c4 dxc4 14. Bxc4
Nc6 15. Nd2 O-O-O 16. f4 Rhf8 17. O-O-O Rxf4 18. Be6+ Kb8 19. Nc4 Qc7 20. Rxd8+
Nxd8 21. Bd5 Nf5 22. Kb1 Nc6 23. Rd1 Nb4 24. Qa4 Rd4 25. Rxd4 Nxd4 26. Qe8+ Qc8
27. Qxc8+ Kxc8 28. Be4 Nbc6 29. a4 Kc7 30. Kc1 a6 31. Kd2 b5 32. axb5 axb5 33.
Na3 Nxe5 34. h3 b4 35. Nc2 Nc4+ 36. Kc1 Nb3+ 37. Kd1 Nxb2+ 38. Ke2 Nd4+ 39.
Nxd4 cxd4 40. Kd2 Na4 0-1

[Event "XXXIX C.to Italiano a squadre Master"]
[Site "Palermo ITA"]
[Date "2007.04.21"]
[Round "3"]
[White "Vocaturo, Daniele"]
[Black "Amato, Andrea"]
[Result "0-1"]
[WhiteElo "2450"]
[BlackElo "2267"]
[PlyCount "78"]
[EventDate "2007.04.20"]

1. e4 e6 2. d4 d5 3. Nc3 Nf6 4. e5 Nfd7 5. Nce2 c5 6. c3 Nc6 7. f4 Qb6 8. Nf3
f6 9. a3 Be7 10. b4 cxd4 11. Nexd4 fxe5 12. Nxe6 Nf6 13. Nfg5 h6 14. Nxg7+ Kf8
15. N5e6+ Kf7 16. f5 Nd8 17. c4 Nxe6 18. Nxe6 Bxe6 19. fxe6+ Kxe6 20. cxd5+ Kd6
21. Qd3 Nxd5 22. Bb2 Qe3+ 23. Qxe3 Nxe3 24. Bd3 Nxg2+ 25. Kf2 Rag8 26. Ke2 Nf4+
27. Ke3 Nxd3 28. Rad1 Ke6 29. Rxd3 Bg5+ 30. Ke2 Rc8 31. Bc3 Rhd8 32. Rxd8 Rxd8
33. Rg1 Rc8 34. Rg3 Bf4 35. Rd3 e4 36. Rh3 Kf5 37. Be1 Rc2+ 38. Kd1 Rxh2 39.
Rc3 Ra2 0-1

[Event "XXXIX C.to Italiano a squadre Master"]
[Site "Palermo ITA"]
[Date "2007.04.21"]
[Round "4"]
[White "Arlandi, Ennio"]
[Black "Aglietti, Graziano"]
[Result "1-0"]
[WhiteElo "2438"]
[BlackElo "2054"]
[PlyCount "57"]
[EventDate "2007.04.20"]

1. d4 d5 2. c4 c6 3. Nf3 Nf6 4. e3 a6 5. Nc3 e6 6. Qc2 Be7 7. Bd2 Nbd7 8. e4
dxe4 9. Nxe4 Nxe4 10. Qxe4 Nf6 11. Qe3 Qb6 12. O-O-O c5 13. Bc3 cxd4 14. Bxd4
Qa5 15. Kb1 O-O 16. Ne5 Ng4 17. Nxg4 Qf5+ 18. Bd3 Qxg4 19. h3 Qg5 20. f4 Qh6
21. g4 Bd6 22. g5 Qh4 23. Rdf1 Bd7 24. Bc3 Bc6 25. Rhg1 Rfd8 26. Be2 b6 27. Be1
Bc5 28. Qb3 Be4+ 29. Ka1 1-0

[Event "XXXIX C.to Italiano a squadre Master"]
[Site "Palermo ITA"]
[Date "2007.04.21"]
[Round "4"]
[White "Barlocco, Carlo"]
[Black "Spada, Angelo"]
[Result "1/2-1/2"]
[WhiteElo "2119"]
[BlackElo "2100"]
[PlyCount "105"]
[EventDate "2007.04.20"]

1. d4 Nf6 2. Nc3 d5 3. Bg5 Bf5 4. f3 Nbd7 5. Qd2 h6 6. Bh4 e6 7. O-O-O Bb4 8.
e3 c5 9. g4 cxd4 10. exd4 Bxc3 11. bxc3 Bh7 12. Bd3 Qa5 13. Ne2 Qxa2 14. Qe3
Nb6 15. Kd2 Nc4+ 16. Bxc4 Qxc2+ 17. Ke1 dxc4 18. Bxf6 gxf6 19. Kf2 O-O-O 20. d5
Bd3 21. Rd2 Qa4 22. dxe6 Rhe8 23. Qc5+ Qc6 24. Qxc6+ bxc6 25. exf7 Rf8 26. Nd4
Rxf7 27. Nxc6 Rd6 28. Nd4 Ra6 29. h4 Ra3 30. Nb5 Ra6 31. h5 Rb7 32. Nd4 Ra3 33.
Rc1 a5 34. Ke3 a4 35. Kf4 Rb1 36. Rxb1 Bxb1 37. Nb5 Rb3 38. Nd6+ Kc7 39. Nxc4
Rxc3 40. Ne3 Kc6 41. Rd8 Rb3 42. Ra8 a3 43. Nf5 Kb7 44. Ra4 a2 45. Nxh6 Kc6 46.
Kg3 Kb5 47. Ra8 Kb4 48. Rxa2 Bxa2 49. Ng8 Rxf3+ 50. Kxf3 Bxg8 51. Kf4 Bh7 52.
g5 fxg5+ 53. Kxg5 1/2-1/2

[Event "XXXIX C.to Italiano a squadre Master"]
[Site "Palermo ITA"]
[Date "2007.04.21"]
[Round "4"]
[White "Bellini, Fabio"]
[Black "Ranieri, Fabrizio"]
[Result "1-0"]
[WhiteElo "2509"]
[BlackElo "2243"]
[PlyCount "49"]
[EventDate "2007.04.20"]

1. e4 e6 2. d4 d5 3. Nc3 Nf6 4. Bg5 Bb4 5. exd5 Qxd5 6. Bxf6 gxf6 7. Nge2 Nc6
8. Qd2 Qg5 9. f4 Qa5 10. O-O-O Bd7 11. a3 Bd6 12. Ne4 Qxd2+ 13. Rxd2 Be7 14. g3
Na5 15. N2c3 O-O-O 16. d5 b6 17. Ba6+ Kb8 18. Rhd1 f5 19. d6 cxd6 20. Nxd6 Bc6
21. Nxf7 Rxd2 22. Rxd2 Re8 23. Ne5 Bh1 24. Nb5 Rd8 25. Nd7+ 1-0

[Event "XXXIX C.to Italiano a squadre Master"]
[Site "Palermo ITA"]
[Date "2007.04.21"]
[Round "4"]
[White "Bianchini, Luigi"]
[Black "Guidi, Maurizio"]
[Result "0-1"]
[WhiteElo "1539"]
[BlackElo "2067"]
[PlyCount "27"]
[EventDate "2007.04.20"]

1. d4 Nf6 2. Nf3 g6 3. e3 Bg7 4. Be2 O-O 5. O-O b6 6. c4 Bb7 7. Nc3 d6 8. Qc2
Nbd7 9. h3 c5 10. d5 a6 11. Bd2 b5 12. a3 bxc4 13. Bxc4 Nb6 14. Bc1 0-1

[Event "XXXIX C.to Italiano a squadre Master"]
[Site "Palermo ITA"]
[Date "2007.04.21"]
[Round "4"]
[White "Borgo, Giulio"]
[Black "Ferro, Mario"]
[Result "0-1"]
[WhiteElo "2418"]
[BlackElo "2235"]
[PlyCount "140"]
[EventDate "2007.04.20"]

1. Nf3 Nf6 2. c4 c5 3. Nc3 Nc6 4. d4 cxd4 5. Nxd4 Qc7 6. Ndb5 Qa5 7. Bd2 Qd8 8.
Nd5 Nxd5 9. cxd5 a6 10. Na3 Ne5 11. f4 Ng4 12. Nc4 e6 13. e3 exd5 14. Qxg4 dxc4
15. Bc3 d5 16. Qh5 Qd7 17. O-O-O Qf5 18. Rxd5 Qxh5 19. Rxh5 b5 20. Be2 f6 21.
Bf3 Rb8 22. Be4 Bg4 23. Rxh7 Rxh7 24. Bxh7 Bc5 25. Bg6+ Kd7 26. h3 Bxe3+ 27.
Kb1 b4 28. Bxb4 Rxb4 29. hxg4 c3 30. Bf5+ Kd6 31. b3 Rxf4 32. Kc2 Bd4 33. Kd3
Kc5 34. a3 Rf2 35. b4+ Kd5 36. Be6+ Kxe6 37. Kxd4 c2 38. Kc5 Ke5 39. Re1+ Kf4
40. Kb6 Re2 41. Rf1+ Ke3 42. Kxa6 Rxg2 43. a4 Rxg4 44. Kb5 Kd2 45. a5 Re4 46.
a6 Re7 47. Kb6 c1=Q 48. Rxc1 Kxc1 49. b5 g5 50. Kc6 g4 51. b6 Re6+ 52. Kb5
Rxb6+ 53. Kxb6 g3 54. a7 g2 55. a8=Q g1=Q+ 56. Kc7 Qd4 57. Qh1+ Kd2 58. Qg2+
Ke3 59. Qg1+ Ke4 60. Qg2+ Ke5 61. Qe2+ Kf4 62. Qh2+ Kg5 63. Qg2+ Qg4 64. Qd5+
f5 65. Kd6 Qb4+ 66. Kd7 Qe4 67. Qg8+ Kh4 68. Qh8+ Kg4 69. Qg7+ Kf3 70. Qh7 Qb7+
0-1

[Event "XXXIX C.to Italiano a squadre Master"]
[Site "Palermo ITA"]
[Date "2007.04.21"]
[Round "4"]
[White "Cherin, Diego"]
[Black "Ramondino, Renzo"]
[Result "0-1"]
[WhiteElo "2266"]
[BlackElo "2289"]
[PlyCount "100"]
[EventDate "2007.04.20"]

1. e4 c5 2. Nf3 d6 3. d4 cxd4 4. Nxd4 Nf6 5. Nc3 g6 6. Be3 Bg7 7. f3 O-O 8. Bc4
Nc6 9. Qd2 Bd7 10. O-O-O Rc8 11. Bb3 Ne5 12. Kb1 Re8 13. g4 b5 14. g5 Nh5 15.
Ncxb5 a6 16. Na3 a5 17. f4 a4 18. fxe5 axb3 19. cxb3 Bxe5 20. Nc4 Bg7 21. Rhf1
Qc7 22. Qa5 Qb8 23. Nb6 Qb7 24. Nd5 e6 25. Qb4 Qa8 26. Nc3 Bf8 27. Ndb5 Rb8 28.
a4 Rec8 29. Qd4 Bg7 30. Qxd6 Bxb5 31. Nxb5 Qxe4+ 32. Qd3 Qb4 33. Rf2 e5 34. Qd5
Nf4 35. Bxf4 exf4 36. Rc2 Re8 37. Qc4 Qe7 38. Qxf4 Qe6 39. Nc7 Qxb3 40. Nxe8
Bxb2 41. Qc4 Qa3 42. Re2 Be5+ 43. Qb5 Qa1+ 44. Kc2 Qc3+ 45. Kb1 Rxb5+ 46. axb5
Qa1+ 47. Kc2 Qb2+ 48. Kd3 Qd4+ 49. Kc2 Qc4+ 50. Kd2 Qc3# 0-1

[Event "XXXIX C.to Italiano a squadre Master"]
[Site "Palermo ITA"]
[Date "2007.04.21"]
[Round "4"]
[White "Cocchi, Andrea"]
[Black "Brunello, Sabino"]
[Result "1/2-1/2"]
[WhiteElo "2321"]
[BlackElo "2454"]
[PlyCount "117"]
[EventDate "2007.04.20"]

1. Nf3 Nf6 2. c4 e6 3. d4 b6 4. g3 Bb7 5. Bg2 Be7 6. O-O O-O 7. Nc3 Ne4 8. Nxe4
Bxe4 9. Ne1 Bxg2 10. Nxg2 d6 11. d5 Bf6 12. e4 Nd7 13. Nf4 Qe7 14. Qc2 g6 15.
Bd2 Bg7 16. Rae1 Ne5 17. Kg2 c6 18. b3 Nd7 19. Bb4 cxd5 20. cxd5 Rac8 21. Qe2
e5 22. Nd3 a5 23. Ba3 f5 24. exf5 gxf5 25. Nf4 Nc5 26. Bxc5 bxc5 27. Ne6 Rf7
28. f4 e4 29. g4 Qb7 30. Rd1 fxg4 31. Qxe4 Bf6 32. Kh1 Kh8 33. Rg1 Rg8 34. Rd3
Bh4 35. a3 Qe7 36. Rd2 Qf6 37. Rdg2 h5 38. h3 g3 39. f5 Kh7 40. Rf1 Bg5 41.
Rxg3 Bh6 42. Rxg8 Kxg8 43. Qf3 Qe5 44. Qg2+ Kh8 45. Rg1 Bg7 46. a4 Qc3 47. Qg3
Qxg3 48. Rxg3 Bh6 49. Rf3 Kg8 50. Kh2 Rd7 51. Kg3 Kf7 52. Kh4 Kf6 53. Kxh5 Bd2
54. h4 Rb7 55. Ng5 Rb4 56. Nh7+ Ke7 57. Ng5 Kf6 58. Nh7+ Kg7 59. Ng5 1/2-1/2

[Event "XXXIX C.to Italiano a squadre Master"]
[Site "Palermo ITA"]
[Date "2007.04.21"]
[Round "4"]
[White "Corso, Sergio"]
[Black "Mocchi, Tullio"]
[Result "1-0"]
[WhiteElo "2303"]
[BlackElo "2231"]
[PlyCount "59"]
[EventDate "2007.04.20"]

1. d4 Nf6 2. c4 c5 3. d5 b5 4. cxb5 a6 5. b6 d6 6. Nc3 Nbd7 7. a4 Qxb6 8. e4 g6
9. Nf3 Bg7 10. Be2 O-O 11. O-O Qc7 12. Nd2 Rd8 13. Nc4 Nb6 14. Ne3 Bd7 15. a5
Nc8 16. Bd3 e6 17. Re1 Ne7 18. Nc4 Nc8 19. Ne3 Ne7 20. Nc4 Nc8 21. Ne3 Qb7 22.
Ra3 Ne7 23. Nc4 exd5 24. exd5 Nexd5 25. Nxd5 Nxd5 26. Be4 Bc6 27. Bxd5 Bxd5 28.
Rb3 Qc7 29. Qxd5 Ra7 30. Bg5 1-0